डाइबिटिज़ बचाव और उपचार / (Record no. 120051)

MARC details
000 -LEADER
fixed length control field 01243nam a22002657a 4500
005 - DATE AND TIME OF LATEST TRANSACTION
control field 20170124103152.0
010 ## - LIBRARY OF CONGRESS CONTROL NUMBER
LC control number A-699798
020 ## - INTERNATIONAL STANDARD BOOK NUMBER
Terms of availability 80.00
035 ## - SYSTEM CONTROL NUMBER
System control number A-699798
037 ## - SOURCE OF ACQUISITION
Source of stock number/acquisition Cen Lib/Ret
040 ## - CATALOGING SOURCE
Original cataloging agency DPL
Language of cataloging HN
082 ## - DEWEY DECIMAL CLASSIFICATION NUMBER
Classification number 616.462
Item number अग्रवा
100 ## - MAIN ENTRY--PERSONAL NAME
Personal name अग्रवाल, यतीश
9 (RLIN) 113128
245 ## - TITLE STATEMENT
Title डाइबिटिज़ बचाव और उपचार /
Statement of responsibility, etc यतीश अग्रवाल
246 ## - VARYING FORM OF TITLE
Title proper/short title Diabetes : bachav aur upchar /
Remainder of title by Yatish Agrawal
260 ## - PUBLICATION, DISTRIBUTION, ETC. (IMPRINT)
Place of publication, distribution, etc नई दिल्ली
Name of publisher, distributor, etc आर्य बुक डिपो
Date of publication, distribution, etc 1994
270 ## - ADDRESS
Address 30, नाईवाला, करोल बाग
City नई दिल्ली
Postal code 110005
300 ## - PHYSICAL DESCRIPTION
Extent xiv,124पृ. :
Dimensions 21सेमी(सजिल्द)
Other physical details सचित्र
500 ## - GENERAL NOTE
General note अनुक्रमणिका शामिल
650 ## - SUBJECT ADDED ENTRY--TOPICAL TERM
Topical term or geographic name as entry element मधुमेह औषध गोलियाँ--उपयोग
9 (RLIN) 113129
650 ## - SUBJECT ADDED ENTRY--TOPICAL TERM
Topical term or geographic name as entry element मधुमेह--गर्भावस्था और स्त्री जीवन
9 (RLIN) 113130
650 ## - SUBJECT ADDED ENTRY--TOPICAL TERM
Topical term or geographic name as entry element Diabetes drug tablets--Use
9 (RLIN) 113131
650 ## - SUBJECT ADDED ENTRY--TOPICAL TERM
Topical term or geographic name as entry element Diabetes--Pregnancy and female life
9 (RLIN) 113132
942 ## - ADDED ENTRY ELEMENTS (KOHA)
Source of classification or shelving scheme Dewey Decimal Classification
Koha item type Hindi Books
Classification part 616.462
Call number suffix अग्रवा
Holdings
Withdrawn status Lost status Damaged status Not for loan Home library Current library Date acquired Source of acquisition Cost, normal purchase price Total Checkouts Total Renewals Full call number Barcode Date last seen Date checked out Copy number Cost, replacement price Price effective from Koha item type
        Central Library Central Library 19/09/2015 Cen Lib/Ret 80.00 1 1 616.462 अग्रवा A-699798 22/06/2019 22/05/2019 1 80.00 19/09/2015 Hindi Books

© Delhi Public Library
Hit Counter
free hit counter